000
002690000a22000970004500
100
1
_a
Baum, Armin Daniel (1965-)
245
1
0
_a
Papias als kommentator evangelischer
300
_a
Vol. 38, Num. 3 (Julio, 1996), Páginas 257-276
773
0
_t
Novum Testamentum
942
_c
ANA
999
_c
56926
_d
56926